West Indies Islands - Statistics

General Stats
  • This quiz has been taken 13 times
  • The average score is 23 of 31
Answer Stats
Archipelago Answer % Correct
Barbados
100%
Cuba
100%
Dominican Republic
100%
Haiti
100%
Jamaica
100%
Saint Vincent and the Grenadines
100%
Trinidad and Tobago
100%
Antigua and Barbuda
92%
Grenada
92%
Puerto Rico
92%
Lucayan Archipelago Bahamas
83%
Dominica
83%
Saint Kitts and Nevis
83%
Saint Lucia
83%
US Virgin Islands
83%
Greater Antilles Cayman Islands
75%
Saint Martin
75%
British Virgin Islands
67%
Guadeloupe
67%
Montserrat
67%
Saint Barthelemy
67%
Anguilla
58%
Lesser Antilles Aruba
58%
Bonaire
58%
Curacao
58%
Sint Maarten
58%
Turks and Caicos
58%
Martinique
50%
Saba
50%
Sint Eustatius
42%
Haiti-Navassa Island
8%
No matching quizzes found
Score Distribution
Percent of People with Each Score
Percentile by Number Answered
Your Score History
You have not taken this quiz